Německy s úsměvem

Salvato in:
Dettagli Bibliografici
Natura: Libro
Lingua:ceco
Pubblicazione: Strakonice Jirco 1992
Edizione:1. vyd.
Soggetti:
Tags: Aggiungi Tag
Nessun Tag, puoi essere il primo ad aggiungerne!!

MARC

LEADER 00000nam a2200000 4500
001 c001330
005 20221214090104.2
020 |a 80-901302-0-8 
041 0 |a cze 
044 |a CZ 
245 1 0 |a Německy s úsměvem 
250 |a 1. vyd. 
264 1 |a Strakonice  |b Jirco  |c 1992 
300 |a 521 s. 
610 2 0 |a nemčina 
610 2 0 |a jazykoveda 
610 2 0 |a terminológia